The code of civil procedure / (Record no. 150089)

MARC details
000 -LEADER
fixed length control field 00751nam a22002297a 4500
005 - DATE AND TIME OF LATEST TRANSACTION
control field 20180222114341.0
010 ## - LCCN (DPL NO)
LC control number B-689601
020 ## - INTERNATIONAL STANDARD BOOK NUMBER
International Standard Book Number 9789350357521
Terms of availability 1495.00
035 ## - SYSTEM CONTROL NUMBER
System control number B-689601
037 ## - SOURCE OF ACQUISITION
Source of stock number/acquisition BSB
Stock number dpl
082 ## - DEWEY DECIMAL CLASSIFICATION NUMBER
Classification number 347.54
100 ## - MAIN ENTRY--PERSONAL NAME
Personal name Jain, M.P.
245 ## - TITLE STATEMENT
Title The code of civil procedure /
Statement of responsibility, etc by M.P.Jain
250 ## - EDITION STATEMENT
Edition statement 4th ed
260 ## - PUBLICATION, DISTRIBUTION, ETC. (IMPRINT)
Place of publication, distribution, etc Gurgaon
Name of publisher, distributor, etc LexisNexis
Date of publication, distribution, etc 2016
270 ## - ADDRESS
Address 14th Floor, Building No.10, Tower-B, DLF Cyber City, Phase-II
City Gurgaon
Postal code 122002
300 ## - PHYSICAL DESCRIPTION
Extent cxlviii,1937p.
Dimensions 25cm(Hb)
500 ## - GENERAL NOTE
General note Includes index
505 ## - FORMATTED CONTENTS NOTE
Formatted contents note (Rashtrapati Bhavan)
942 ## - ADDED ENTRY ELEMENTS (KOHA)
Source of classification or shelving scheme Dewey Decimal Classification
Item type English Books
Call number suffix JAI
Classification part 347.54
Holdings
Withdrawn status Lost status Not for loan Collection code Home library Current library Date acquired Source of acquisition Cost, normal purchase price Full call number Barcode Copy number Cost, replacement price Koha item type
      Non-fiction Mobile Library Mobile Library 22/02/2018 BSB/IN422/16.2.2018/EN/SPL/17-18/770/10.2.2018/16.2.2018 1495.00 347.54 JAI B-689601 1 1495.00 English Books

© Delhi Public Library
Hit Counter
free hit counter